Ensayo sobre las causas y significación del regionalismo / (Record no. 179995)

MARC details
000 -LEADER
campo de control de longitud fija 00596nam a2200169 i 4500
001 - NÚMERO DE CONTROL
campo de control 179995
003 - IDENTIFICADOR DE NÚMERO DE CONTROL
campo de control ES-MaACL
005 - FECHA Y HORA DE LA ÚLTIMA TRANSACCIÓN
campo de control 20230906220950.0
008 - DATOS DE LONGITUD FIJA--INFORMACIÓN GENERAL
campo de control de longitud fija 120313s1906 sp |||| | spa d
100 1# - ENTRADA PRINCIPAL--NOMBRE DE PERSONA
Nombre de persona Garrido Ramos, Julio.
9 (RLIN) 149594
245 10 - MENCIÓN DEL TÍTULO
Título Ensayo sobre las causas y significación del regionalismo /
Mención de responsabilidad, etc. J. G. [Julio Garrido Ramos].
260 ## - PUBLICACIÓN, DISTRIBUCIÓN, ETC.
Lugar de publicación, distribución, etc. San Sebastián :
Nombre del editor, distribuidor, etc. [s.n.],
Fecha de publicación, distribución, etc. 1906 (
Fabricante Imp. de La Voz de Guipuzcoa)
300 ## - DESCRIPCIÓN FÍSICA
Extensión 107 p. ;
Dimensiones 20 cm.
594 ## - Nota al título y mención de responsabilidad
Nota al título y mención de responsabilidad Encabezamiento tomado de la Biblioteca Nacional.
650 04 - PUNTO DE ACCESO ADICIONAL DE MATERIA--TÉRMINO DE MATERIA
Término de materia o nombre geográfico como elemento de entrada Regionalismo-
Subdivisión geográfica España.
9 (RLIN) 16748
852 ## - LOCALIZACIÓN
Ubicación ES-MaACL
Número de control de estantería T-726-F-3
Holdings
Estatus retirado Estado de pérdida Estado de daño No para préstamo Colección Biblioteca de origen Biblioteca actual Ubicación en estantería Fecha de adquisición Fuente de adquisición Total de préstamos Signatura topográfica completa Código de barras Visto por última vez Precio de reemplazo Tipo de ítem Koha
        Colección de folletos Biblioteca del Ateneo de Madrid Biblioteca del Ateneo de Madrid Depósito folletos 13/03/2012     T-726-F-3 1189103 23/02/2023 23/02/2023 Folleto